| 000 | 00354nam a2200109Ia 4500 | ||
|---|---|---|---|
| 008 | 220214s9999 xx 000 0 und d | ||
| 100 | _aFernandez Javier | ||
| 245 | 0 | _aTariff peaks for agricultural and food products: Their incidence and alternatived for their removal | |
| 260 |
_bJournal of Agricultural Economics _c2002 |
||
| 300 | _a14-24 | ||
| 942 | _cRE | ||
| 999 |
_c46012 _d46012 |
||